000 00823mam a22003258a 4500
001 2047806
005 20150520092345.0
006 000
007 000
008 000
010 _a 90026310
020 _a033357317X
035 _a(OCoLC)22906507
035 _a(OCoLC)ocm22906507
035 _a(NNC)2047806
040 _aUOEL
_cDLC
_dNhD
050 0 0 _aQD272
_bK45 1991
082 0 0 _a547.3/0858
_220
090 _aQD272.S6
_bK45 1991
100 1 _aKemp, William,
_d1932-
245 1 0 _aOrganic spectroscopy /
_cWilliam Kemp.
250 _a3rd ed.
260 _aNew York :
_bW.H. Freeman,
_cc1991.
300 _axxii, 393 p. :
_bill. ;
_c25 cm.
504 _aIncludes bibliographical references and index.
650 0 _aSpectrum analysis.
650 0 _aChemistry, Organic.
942 _2lcc
_cLL
999 _c8046
_d8046